000 00521nam a2200181Ia 4500
008 100920s9999 xx 000 0 und d
082 _b103992
_a8 न 08
100 _aSHUKLA RITU.
245 _aTHE ESSENCE OF INDIAN CULTURE.
260 _bSAHITYA BHANDAR ALLAHABAD.
_c2008
300 _a188
_bसाधी
365 _b200
520 _aहिस्ट्नी.
630 _aTHE ESSENCE OF INDIAN CULTURE.
650 _aहिस्ट्नी.
730 _aTHE ESSENCE OF INDIAN CULTURE.
942 _cBOOK
999 _c744424
_d744421